000 00390nam a2200157Ia 4500
008 230312s9999||||xx |||||||||||||| ||und||
020 _a81-7758-284-4
082 _a621
_bBOL-M
100 _aBolton,W
245 0 _aMechatronics
260 _bPearson Education
_aIndia
_c2007
300 _a590
546 _aEng.
650 _aEngineering
_vMechatronics,Sensors and Transducers
942 _cBK
999 _c9393
_d9393